| 000 | 00000nam##2200000za#4500 |
| 001 | 9.666188 |
| 003 | CaOODSP |
| 005 | 20240209132631 |
| 007 | ta |
| 008 | 150407|2005||||xxc||||| f|0| 0 fre|d |
| 020 | |a0-662-68759-0 |
| 040 | |aCaOODSP|bfre |
| 041 | |aeng |
| 041 | |afre |
| 043 | |an-cn--- |
| 086 | 1 |aIu89-4/8-2005 |
| 110 | 2 |aAgence de promotion économique du Canada atlantique. |
| 245 | 10|aAPECA en direct : |bil suffit de cliquer pour accéder à votre compte |
| 260 | |aMoncton - Nouveau-Brunswick : |bAgence de promotion économique du Canada atlantique |c2005. |
| 300 | |a1 feuille pliée. ; |c22 cm. |
| 563 | |aDépliant |
| 590 | |a05-16|b2005-04-22 |
| 776 | 0#|tAPECA en direct : |w(CaOODSP)9.640536 |
| 776 | 0#|tACOA Direct : |w(CaOODSP)9.696421 |
| 791 | |tACOA Direct : |eeng|w(CaOODSP)9.666187 |
| 986 | |a2005-03 |